| 000 | 00526nam a2200157 i 4500 | ||
|---|---|---|---|
| 001 | 184915 | ||
| 003 | ES-MaACL | ||
| 005 | 20230906222315.0 | ||
| 008 | 160218s1961 sp |||| | spa d | ||
| 100 | 1 |
_aMartí i Coll, Antoni. _9158805 |
|
| 245 | 1 | 0 |
_aDon Joaquin Martí y Moner 1828-1864 _b: cartas de ultramar / _cAntonio Marti Coll. |
| 260 |
_aMadrid : _bCaja de Ahorros y Monte de Piedad, _c1961. |
||
| 300 |
_a50 p., 3 h. lám. ; _c22 cm. |
||
| 600 | 1 | 4 |
_aMarti y Moner, Joaquín. _9158807 |
| 852 |
_aES-MaACL _j2038-F-19 |
||
| 999 |
_c184915 _d184915 |
||